000 00780cam a22002651 4500
001 4172
003 BD-RjUL
005 20211208233839.0
008 131222s1939 ii 000 0 eng
035 _a(BD-RjUL)4206
035 _a(OCoLC)5782589
040 _aDLC
_cGCarrWG
_dDLC
_dBD-RjUL
_beng
041 _aeng
082 _a332.4954
_bADI
100 1 _aAdarkar, B. P.
_q(Bhalchandra Pundlik)
_913235
245 1 4 _aThe Indian monetary policy /
_cby B. P. Adarkar.
260 _aAllahabad ;
_a& London :
_bKitabistan,
_c1939.
300 _axiii p., 1 l., 112 p. ;
_c22 cm.
500 _a"First published in 1939."
650 0 _aCurrency question
_zIndia.
_913236
650 0 _aFinance
_zIndia.
_913237
942 _2ddc
_cBK
999 _c4172
_d4172